[Event "XXXII C.to Italiano Seniores"]
[Site "Arvier ITA"]
[Date "2010.04.21"]
[Round "4"]
[White "Centofante, Maria Rosa"]
[Black "Bogatto, Mario"]
[Result "1-0"]
[WhiteElo "1585"]
[BlackElo "1451"]
[PlyCount "121"]
[EventDate "2010.04.18"]

1. d4 d5 2. Nf3 e6 3. c4 Nf6 4. Nc3 c6 5. Bg5 Be7 6. cxd5 Nxd5 7. Bxe7 Qxe7 8.
e4 Nxc3 9. bxc3 Nd7 10. Bd3 Nf6 11. O-O h6 12. Re1 Qc7 13. Ne5 Bd7 14. Qb3 O-O
15. Re3 Rab8 16. Qd1 Kh8 17. Rg3 Be8 18. Qf3 Rd8 19. Ng4 Qe7 20. Rh3 Nxg4 21.
Qxg4 Qf6 22. e5 Qe7 23. Qe4 g6 24. Rxh6+ Kg7 25. Qf4 Rh8 26. Rxh8 Kxh8 27. Qh6+
Kg8 28. h4 f5 29. exf6 Qxf6 30. h5 Rd7 31. Bxg6 Bxg6 32. hxg6 Qg7 33. Qg5 Rd5
34. Qg4 Rf5 35. Re1 Qf6 36. f3 Kg7 37. Qe4 Qxg6 38. Qxe6 Rf6 39. Qe7+ Rf7 40.
Qe5+ Kh6 41. Qh2+ Kg7 42. Qe5+ Kh7 43. Qe4 Qxe4 44. Rxe4 Kg7 45. Kf2 Rd7 46.
Ke2 Kf6 47. c4 Rh7 48. Kd3 Rh5 49. g4 Ra5 50. Re2 Ra3+ 51. Ke4 Rc3 52. c5 Kg5
53. Rh2 Kg6 54. Rb2 Rc1 55. Rxb7 Re1+ 56. Kf4 a5 57. Rb6 Re6 58. Ra6 Rf6+ 59.
Kg3 Kg5 60. Rxa5 Rf4 61. Ra4 1-0

[Event "XXXII C.to Italiano Seniores"]
[Site "Arvier ITA"]
[Date "2010.04.21"]
[Round "4"]
[White "Colombo, Paolo"]
[Black "Antonelli, Fabrizio"]
[Result "1/2-1/2"]
[WhiteElo "2119"]
[BlackElo "2030"]
[PlyCount "116"]
[EventDate "2010.04.18"]

1. e4 e5 2. Nf3 Nc6 3. Be2 Nf6 4. d3 d5 5. Nbd2 Be7 6. O-O O-O 7. c3 Ne8 8. Re1
f5 9. exd5 Qxd5 10. d4 Kh8 11. Bc4 Qd8 12. Nxe5 Nd6 13. Bb3 Bf6 14. Ndc4 Bxe5
15. Nxe5 Nxe5 16. dxe5 Ne4 17. Qxd8 Rxd8 18. f3 Nc5 19. Bg5 Nxb3 20. Bxd8 Nxa1
21. Rxa1 c6 22. b3 Be6 23. Rd1 Kg8 24. Kf2 Kf7 25. Ke3 a5 26. h3 a4 27. c4 axb3
28. axb3 Ra3 29. Rd3 b5 30. Kd4 bxc4 31. bxc4 Rxd3+ 32. Kxd3 Ke8 33. Bb6 Kd7
34. Kd4 Bf7 35. Kc5 Be6 36. Ba5 g6 37. Bd2 Bf7 38. Bf4 Be6 39. Bg5 Bf7 40. Bf6
Be6 41. Bg7 Bf7 42. g4 Be6 43. Bh6 Kc7 44. Kd4 Kd7 45. Bg5 Ke8 46. Bc1 Kd7 47.
Bh6 Ke8 48. c5 Kf7 49. Ke3 Bd5 50. Kf4 Be6 51. Kg5 Bc8 52. Kh4 Be6 53. Kg5 Bc8
54. gxf5 Bxf5 55. h4 Bd3 56. h5 Bf5 57. Kf4 Ke6 58. hxg6 hxg6 1/2-1/2

[Event "XXXII C.to Italiano Seniores"]
[Site "Arvier ITA"]
[Date "2010.04.21"]
[Round "4"]
[White "D'Aulisa, Francesco"]
[Black "Cesati Cassin, Giorgio"]
[Result "1-0"]
[WhiteElo "1741"]
[BlackElo "1567"]
[PlyCount "91"]
[EventDate "2010.04.18"]

1. e4 c5 2. Nf3 Nc6 3. Nc3 a6 4. d4 cxd4 5. Nxd4 g6 6. Bc4 Bg7 7. Be3 Nf6 8.
O-O O-O 9. Qd2 Nxe4 10. Nxe4 d5 11. Bxd5 Qxd5 12. Nc3 Qd7 13. Rad1 Nxd4 14.
Bxd4 Qxd4 15. Qxd4 Bxd4 16. Rxd4 Be6 17. Rfd1 b5 18. Nd5 Bxd5 19. Rxd5 e6 20.
Rd7 Kg7 21. c3 Rfe8 22. Kf1 e5 23. Ke2 Re6 24. Rc7 Rae8 25. Rdd7 Rf8 26. c4
bxc4 27. Rxc4 Rb6 28. b3 Kf6 29. b4 Ke6 30. Rdc7 Rd8 31. a3 Rbd6 32. R7c6 f5
33. a4 Rxc6 34. Rxc6+ Rd6 35. Rxd6+ Kxd6 36. Kd3 Kd5 37. f3 g5 38. g4 fxg4 39.
fxg4 h6 40. b5 e4+ 41. Ke3 axb5 42. axb5 Kc5 43. Kxe4 Kxb5 44. Kf5 Kc5 45. Kg6
Kd5 46. Kxh6 1-0

[Event "XXXII C.to Italiano Seniores"]
[Site "Arvier ITA"]
[Date "2010.04.21"]
[Round "4"]
[White "De Polzer, Manfredi"]
[Black "Chiandussi, Livio"]
[Result "1-0"]
[WhiteElo "1795"]
[BlackElo "1551"]
[PlyCount "68"]
[EventDate "2010.04.18"]

1. c4 e5 2. Nc3 Nf6 3. Nf3 d6 4. e3 h6 5. Be2 Be7 6. O-O O-O 7. d4 exd4 8. Nxd4
Bd7 9. a4 Nc6 10. Nxc6 Bxc6 11. b4 b6 12. Nd5 Nxd5 13. cxd5 Bb7 14. Bf3 Bf6 15.
Ra2 Bc8 16. Rc2 Bf5 17. Rc4 Qd7 18. Bd2 Bd3 19. Be2 Bxc4 20. Bxc4 Rfe8 21. Qc2
Re5 22. Bc3 Re7 23. Bxf6 gxf6 24. Bd3 Re5 25. Be4 Rae8 26. Bf3 R8e7 27. Rd1 Qf5
28. Qc4 Qd7 29. Qh4 Kg7 30. Rd4 Qf5 31. Rg4+ Kh7 32. h3 Qb1+ 33. Kh2 Rg5 34.
Be4+ Qxe4 1-0

[Event "XXXII C.to Italiano Seniores"]
[Site "Arvier ITA"]
[Date "2010.04.21"]
[Round "4"]
[White "Diena, Giovanni"]
[Black "Viola, Mario"]
[Result "1/2-1/2"]
[WhiteElo "1837"]
[BlackElo "2065"]
[PlyCount "92"]
[EventDate "2010.04.18"]

1. c4 e5 2. Nc3 Nc6 3. g3 Nf6 4. Bg2 Be7 5. d3 O-O 6. Nf3 d6 7. O-O h6 8. Bd2
Rb8 9. Rc1 Be6 10. a3 a6 11. e4 Qd7 12. Nd5 Bd8 13. Bc3 Bh3 14. Nh4 Bxg2 15.
Kxg2 g6 16. f4 Nh7 17. fxe5 Nxe5 18. h3 c6 19. Ne3 Bg5 20. Ng4 Nxg4 21. hxg4 d5
22. Rc2 dxe4 23. dxe4 Qxd1 24. Rxd1 Rfd8 25. Rxd8+ Bxd8 26. Nf3 Bf6 27. e5 Bg7
28. Re2 Nf8 29. Nd4 Re8 30. Nf3 Nd7 31. Kf2 Nb6 32. b3 Nd7 33. Bb2 Nc5 34. Re3
Rd8 35. Bd4 Ne6 36. Bb6 Rd1 37. Ke2 Ra1 38. a4 Kf8 39. Rd3 Ke8 40. Ke3 Bf8 41.
Ke2 Bc5 42. a5 Rb1 43. Nd2 Rb2 44. Kd1 Bb4 45. Ne4 Rb1+ 46. Kc2 Re1 1/2-1/2

[Event "XXXII C.to Italiano Seniores"]
[Site "Arvier ITA"]
[Date "2010.04.21"]
[Round "4"]
[White "Levato, Biagio"]
[Black "Chiapponi, Paola"]
[Result "1/2-1/2"]
[WhiteElo "1539"]
[BlackElo "1735"]
[PlyCount "176"]
[EventDate "2010.04.18"]

1. d4 d5 2. e4 dxe4 3. Nc3 Nf6 4. f3 exf3 5. Nxf3 Bg4 6. h3 Bh5 7. g4 Bg6 8.
Ne5 Be4 9. Nxe4 Nxe4 10. Qf3 Nf6 11. Be3 Qd5 12. Qxd5 Nxd5 13. Bd2 e6 14. Bg2
Nc6 15. Nxc6 bxc6 16. O-O-O Rb8 17. c4 Nb4 18. Bxb4 Bxb4 19. Bxc6+ Ke7 20. c5
Ba5 21. Rd3 Rhd8 22. Ra3 Bb4 23. Rxa7 Rxd4 24. Rxc7+ Kf8 25. Rf1 f6 26. Bd7
Rc4+ 27. Kb1 Rxc5 28. Rxc5 Bxc5 29. Bxe6 Bd4 30. b3 Re8 31. Bc4 Re3 32. Rd1 Be5
33. Rd7 Rxh3 34. a4 g6 35. a5 Rh1+ 36. Kc2 Rh2+ 37. Kd1 Rh1+ 38. Ke2 h5 39.
gxh5 gxh5 40. a6 Ra1 41. Rh7 Bd4 42. Rxh5 Kg7 43. Rd5 Be5 44. b4 Ra4 45. Rb5
Bg3 46. Kd3 Bf2 47. Rb7+ Kg6 48. b5 f5 49. b6 Rb4 50. a7 Ra4 51. Rb8 Rxa7 52.
bxa7 Bxa7 53. Rc8 f4 54. Ke4 Be3 55. Rg8+ Kf6 56. Re8 Kg5 57. Rf8 Kg4 58. Be2+
Kg3 59. Rg8+ Kf2 60. Bf3 Ke1 61. Rg2 Kf1 62. Kd3 Bc1 63. Kc2 Be3 64. Rh2 Kg1
65. Rg2+ Kf1 66. Kd1 Bg1 67. Rc2 Be3 68. Bg2+ Kg1 69. Bh3 f3 70. Ra2 f2 71. Ke2
Bc5 72. Ra1+ Kh2 73. Bg4 Kg3 74. Be6 Bb4 75. Bd5 Be1 76. Ra3+ Kf4 77. Re3 Kg4
78. Bg2 Kf4 79. Bf1 Kg5 80. Re4 Kf5 81. Re8 Kf4 82. Re7 Kf5 83. Ke3 Kf6 84. Re8
Kf7 85. Re4 Kf6 86. Bh3 Kf7 87. Re6 f1=Q 88. Bxf1 Kxe6 1/2-1/2

[Event "XXXII C.to Italiano Seniores"]
[Site "Arvier ITA"]
[Date "2010.04.21"]
[Round "4"]
[White "Lisandri, Luigi"]
[Black "Brugnolo, Paolo"]
[Result "0-1"]
[WhiteElo "1488"]
[BlackElo "1501"]
[PlyCount "68"]
[EventDate "2010.04.18"]

1. c4 Nf6 2. b3 c5 3. Bb2 e6 4. Nc3 Be7 5. e4 O-O 6. Nf3 b6 7. h3 Bb7 8. e5 Ne4
9. d3 Nxc3 10. Bxc3 d5 11. d4 Nd7 12. Be2 Re8 13. O-O Nf8 14. Qc2 Ng6 15. Bd3
dxc4 16. bxc4 Bxf3 17. Bxg6 fxg6 18. gxf3 Rf8 19. Qe2 Rf5 20. Rad1 Qf8 21. Kg2
Rg5+ 22. Kh2 Qf4+ 23. Kh1 Rh5 24. Kg2 Qf5 25. Rh1 Rf8 26. Qe4 Rg5+ 27. Kf1 Qxf3
28. Qxf3 Rxf3 29. Be1 Rh5 30. Kg2 Rff5 31. Rd3 Rhg5+ 32. Kh2 cxd4 33. f4 Rxf4
34. Bd2 Rf2# 0-1

[Event "XXXII C.to Italiano Seniores"]
[Site "Arvier ITA"]
[Date "2010.04.21"]
[Round "4"]
[White "Neri, Angelo"]
[Black "Placchetta, Omero"]
[Result "1-0"]
[WhiteElo "1930"]
[BlackElo "1668"]
[PlyCount "71"]
[EventDate "2010.04.18"]

1. e4 e5 2. Nf3 Nc6 3. Bb5 a6 4. Bxc6 dxc6 5. O-O Bg4 6. h3 Bxf3 7. Qxf3 Qf6 8.
Qg3 Bc5 9. d3 h6 10. Nd2 g5 11. Nf3 Bd6 12. Nh2 Qe7 13. b3 O-O-O 14. Bb2 h5 15.
Nf3 f6 16. Nh2 Nh6 17. Qf3 g4 18. hxg4 hxg4 19. Nxg4 Nxg4 20. Qxg4+ Kb8 21.
Rfe1 Rdg8 22. Qf3 Qh7 23. g3 Qh3 24. Qg2 Qg4 25. Bc1 Bb4 26. Rf1 Bc3 27. Rb1
Bd4 28. Be3 Bxe3 29. fxe3 Qxg3 30. Qxg3 Rxg3+ 31. Kf2 Rhh3 32. Rbe1 Rf3+ 33.
Ke2 Rxe3+ 34. Kd2 Rxe1 35. Rxe1 Rh2+ 36. Kc3 {...} 1-0

[Event "XXXII C.to Italiano Seniores"]
[Site "Arvier ITA"]
[Date "2010.04.21"]
[Round "4"]
[White "Neuhold, Piero"]
[Black "Bisignano, Giuseppe"]
[Result "0-1"]
[WhiteElo "1557"]
[BlackElo "1942"]
[PlyCount "76"]
[EventDate "2010.04.18"]

1. d4 Nf6 2. c4 e6 3. Nc3 Bb4 4. Nf3 Ne4 5. Bd2 Nxd2 6. Qxd2 O-O 7. a3 Be7 8.
e3 d6 9. Bd3 Nd7 10. Qc2 g6 11. O-O-O c5 12. d5 e5 13. h4 f5 14. e4 f4 15. Rdf1
a6 16. g4 h6 17. Rfg1 Rb8 18. h5 g5 19. Nd2 Nf6 20. f3 Ne8 21. Nb3 Bd7 22. Kd2
b5 23. Na2 bxc4 24. Bxc4 Bb5 25. Bxb5 axb5 26. Ke2 c4 27. Nd2 Qb6 28. Qc3 Nc7
29. Nb4 Na6 30. Nxa6 Qxa6 31. Ra1 Rfc8 32. Rhf1 Bd8 33. b4 cxb3 34. Qxb3 b4+
35. Kd1 Rc5 36. Qb2 Qa4+ 37. Ke2 Rc2 38. axb4 Qb5+ 0-1

[Event "XXXII C.to Italiano Seniores"]
[Site "Arvier ITA"]
[Date "2010.04.21"]
[Round "4"]
[White "Quagliarella, Sabino Remo"]
[Black "Laco, Giuseppe"]
[Result "1/2-1/2"]
[WhiteElo "1916"]
[BlackElo "2105"]
[PlyCount "83"]
[EventDate "2010.04.18"]

1. d4 f5 2. c4 e6 3. Nf3 Nf6 4. g3 d5 5. Bg2 c6 6. O-O Be7 7. Nc3 O-O 8. Qc2
Ne4 9. Ne5 Nd7 10. Bf4 g5 11. Nxd7 Qxd7 12. Be5 Nd6 13. Bxd6 Bxd6 14. cxd5 cxd5
15. e3 Kh8 16. f4 g4 17. Rac1 b6 18. Qb3 Ba6 19. Rfe1 Bc4 20. Qd1 Rac8 21. Bf1
b5 22. Bxc4 Rxc4 23. a3 b4 24. axb4 Rxb4 25. Re2 Rfb8 26. Rcc2 R8b6 27. Qc1 Qb7
28. Nd1 Kg7 29. Rc3 Ra4 30. Rec2 Rba6 31. Rc7+ Qxc7 32. Rxc7+ Bxc7 33. Qxc7+
Kg6 34. Kg2 Rc4 35. Qe7 Rc2+ 36. Nf2 Rxb2 37. h4 gxh3+ 38. Kf3 h2 39. Qg5+ Kf7
40. Qh5+ Kg7 41. Qg5+ Kf7 42. Qh5+ 1/2-1/2

[Event "XXXII C.to Italiano Seniores"]
[Site "Arvier ITA"]
[Date "2010.04.21"]
[Round "4"]
[White "Renzini, Lorenzo"]
[Black "Papa, Angelo"]
[Result "1/2-1/2"]
[WhiteElo "1746"]
[BlackElo "1855"]
[PlyCount "44"]
[EventDate "2010.04.18"]

1. c4 e5 2. Nc3 g6 3. g3 Bg7 4. Bg2 d6 5. Nf3 Nc6 6. O-O Nge7 7. e3 O-O 8. d3
Bd7 9. Rb1 a5 10. a3 Qc8 11. b4 axb4 12. axb4 Bh3 13. b5 Bxg2 14. Kxg2 Nd8 15.
Bb2 b6 16. Ra1 Rxa1 17. Qxa1 Qb7 18. Qa6 e4 19. dxe4 Qxa6 20. bxa6 Ndc6 21. Ra1
Ra8 22. Nd1 Na5 1/2-1/2

[Event "XXXII C.to Italiano Seniores"]
[Site "Arvier ITA"]
[Date "2010.04.21"]
[Round "4"]
[White "Rosino, Antonio"]
[Black "Barlocco, Carlo"]
[Result "1/2-1/2"]
[WhiteElo "2235"]
[BlackElo "2173"]
[PlyCount "47"]
[EventDate "2010.04.18"]

1. e4 Nf6 2. e5 Nd5 3. d4 d6 4. Nf3 Nb6 5. Be2 g6 6. O-O Bg7 7. c4 O-O 8. Bf4
Nc6 9. exd6 cxd6 10. Nc3 Bg4 11. b3 d5 12. c5 Nd7 13. Be3 Nxc5 14. Nxd5 Ne6 15.
Nf4 Nxf4 16. Bxf4 Bxf3 17. Bxf3 Qxd4 18. Qxd4 Nxd4 19. Rac1 Nxf3+ 20. gxf3 Rac8
21. Rfd1 e5 22. Be3 b6 23. Rxc8 Rxc8 24. Rd7 1/2-1/2

[Event "XXXII C.to Italiano Seniores"]
[Site "Arvier ITA"]
[Date "2010.04.21"]
[Round "4"]
[White "Rossi, Giampiero"]
[Black "Maestri, Roberto"]
[Result "1-0"]
[WhiteElo "1914"]
[BlackElo "1630"]
[PlyCount "97"]
[EventDate "2010.04.18"]

1. d4 Nf6 2. c4 e5 3. dxe5 Ne4 4. Nf3 Bb4+ 5. Nbd2 O-O 6. e3 Nc6 7. Be2 Qe7 8.
O-O Nxd2 9. Bxd2 Bxd2 10. Qxd2 Nxe5 11. Rfd1 d6 12. Rac1 Bg4 13. Nxe5 Bxe2 14.
Ng6 Qe4 15. Qxe2 Qxg6 16. Qf3 c6 17. Qg3 Qxg3 18. hxg3 Rad8 19. Rd4 Rd7 20.
Rcd1 Rfd8 21. e4 f6 22. f3 g5 23. g4 h6 24. Kf2 Kf7 25. Ke3 Ke6 26. g3 a6 27.
R4d2 c5 28. Rh1 Rh7 29. Rd5 b5 30. Re1 b4 31. Red1 Rhd7 32. Rh1 Rh7 33. f4 Rdh8
34. Rh5 a5 35. Kf3 a4 36. Ke3 b3 37. a3 Rb7 38. fxg5 Rg7 39. Rxh6 Rxh6 40. gxh6
Rxg4 41. Kf3 Rg6 42. Rh5 Rg8 43. h7 Rh8 44. Kf4 Kf7 45. Rh2 Kg7 46. Kf5 Kf7 47.
Rh4 Kg7 48. Ke6 Re8+ 49. Kd7 1-0

[Event "XXXII C.to Italiano Seniores"]
[Site "Arvier ITA"]
[Date "2010.04.21"]
[Round "4"]
[White "Rotelli, Pietro"]
[Black "Squarci, Franco"]
[Result "1-0"]
[WhiteElo "1993"]
[BlackElo "1795"]
[PlyCount "129"]
[EventDate "2010.04.18"]

1. d4 Nf6 2. c4 c6 3. Nc3 d5 4. cxd5 Nxd5 5. e4 Nxc3 6. bxc3 e6 7. Nf3 Nd7 8.
Bd3 Be7 9. O-O b5 10. Bd2 a6 11. Qe2 Bb7 12. Rfe1 O-O 13. c4 b4 14. c5 a5 15.
a3 b3 16. a4 e5 17. Be3 exd4 18. Bxd4 Bxc5 19. Bc4 Bb4 20. Red1 Qe7 21. Bxb3 c5
22. Bb2 Nb6 23. Qb5 Ra6 24. Bd5 Nxd5 25. exd5 Rd6 26. Qc4 Rfd8 27. Qg4 Rg6 28.
Qf5 Bc8 29. Qe5 Qxe5 30. Nxe5 Rg5 31. Nc6 Rd7 32. g3 Bb7 33. Ne5 Rd8 34. d6 f6
35. f4 Rf5 36. Nc4 Bf3 37. Ne3 Rh5 38. h4 Kf7 39. Kf2 Bc6 40. f5 g6 41. g4 Rxh4
42. Kg3 g5 43. d7 Rxd7 44. Rxd7+ Bxd7 45. Rd1 Bxa4 46. Rd6 Rh6 47. Nc4 Bb5 48.
Ne5+ Ke7 49. Re6+ Kf8 50. Rb6 Be8 51. Nc4 a4 52. Rb8 Ke7 53. Rb7+ Kf8 54. Rb8
a3 55. Nxa3 c4 56. Rxb4 Rh1 57. Rxc4 h5 58. Bxf6 h4+ 59. Kg2 Rd1 60. Bxg5 h3+
61. Kh2 Rd3 62. Nc2 Rf3 63. Bh4 Bb5 64. Rc8+ Kf7 65. Nd4 1-0

[Event "XXXII C.to Italiano Seniores"]
[Site "Arvier ITA"]
[Date "2010.04.21"]
[Round "4"]
[White "Tibaldeschi, Attilio"]
[Black "Bonino, Silvano"]
[Result "1-0"]
[WhiteElo "1750"]
[BlackElo "1428"]
[PlyCount "59"]
[EventDate "2010.04.18"]

1. Nf3 d5 2. b3 e6 3. Bb2 Nf6 4. d3 Nc6 5. Nbd2 Bd6 6. e3 b6 7. Be2 Bb7 8. O-O
O-O 9. Rc1 h6 10. d4 a5 11. c4 Nb4 12. a3 Na6 13. cxd5 Nxd5 14. Nc4 Qe7 15.
Nxd6 Qxd6 16. Ne5 Nf6 17. Bf3 Be4 18. Bxe4 Nxe4 19. Rc6 Qd8 20. Qc2 Rc8 21.
Qxe4 Nb8 22. Rc2 Qe7 23. Rfc1 Rfd8 24. Qf3 Rd5 25. e4 Rdd8 26. h3 Rd6 27. Qg3
Rdd8 28. d5 exd5 29. Nc6 Nxc6 30. Qxg7# 1-0

[Event "XXXII C.to Italiano Seniores"]
[Site "Arvier ITA"]
[Date "2010.04.22"]
[Round "5"]
[White "Antonelli, Fabrizio"]
[Black "Quagliarella, Sabino Remo"]
[Result "1-0"]
[WhiteElo "2030"]
[BlackElo "1916"]
[PlyCount "79"]
[EventDate "2010.04.18"]

1. e4 e6 2. Qe2 Be7 3. f4 d5 4. d3 c5 5. Nf3 Nc6 6. c3 Nf6 7. e5 Nd7 8. g3 O-O
9. Bg2 b5 10. O-O Qb6 11. Re1 Bb7 12. Nbd2 Rad8 13. Kh1 a5 14. Nf1 b4 15. Bd2
Ba6 16. Rad1 Qc7 17. h4 bxc3 18. bxc3 Rb8 19. Bc1 d4 20. c4 Bb7 21. N1d2 Nd8
22. Ne4 f6 23. exf6 Bxf6 24. Neg5 Re8 25. Kh2 h6 26. Ne4 Nf7 27. Nxf6+ Nxf6 28.
Bh3 Bc8 29. Ne5 Nxe5 30. Qxe5 Qxe5 31. Rxe5 Nd7 32. Rxe6 Rxe6 33. Bxe6+ Kf8 34.
Ba3 Rb7 35. Bxc5+ Nxc5 36. Bxc8 Rb2+ 37. Kh3 Rxa2 38. Bf5 a4 39. Re1 Rd2 40.
Bg6 1-0

[Event "XXXII C.to Italiano Seniores"]
[Site "Arvier ITA"]
[Date "2010.04.22"]
[Round "5"]
[White "Barlocco, Carlo"]
[Black "Rossi, Giampiero"]
[Result "1-0"]
[WhiteElo "2173"]
[BlackElo "1914"]
[PlyCount "119"]
[EventDate "2010.04.18"]

1. b3 d5 2. Bb2 c6 3. e3 Bf5 4. Nf3 e6 5. g3 h6 6. Bg2 Nf6 7. O-O Nbd7 8. d3
Be7 9. Nbd2 O-O 10. Qe2 Bh7 11. e4 a5 12. a4 Qb6 13. e5 Ne8 14. Rfc1 Nc7 15. d4
Na6 16. Ne1 Rfe8 17. c4 Nb4 18. c5 Qa6 19. Qe3 b6 20. Bf1 Qb7 21. cxb6 Qxb6 22.
Bc3 Rec8 23. Bb2 Rc7 24. Nb1 Bxb1 25. Raxb1 Rac8 26. Nc2 Nxc2 27. Rxc2 c5 28.
Rbc1 cxd4 29. Bxd4 Bc5 30. Bxc5 Rxc5 31. Rxc5 Rxc5 32. Rb1 Qc7 33. f4 Rc3 34.
Qd4 Qc5 35. Qxc5 Nxc5 36. b4 axb4 37. Rxb4 Ra3 38. Bb5 Ne4 39. Be8 Kf8 40. Rb8
Ke7 41. Bb5 f6 42. Rb7+ Kf8 43. Rc7 Rc3 44. Ra7 fxe5 45. fxe5 Rc1+ 46. Kg2 Rc2+
47. Kf3 Nd2+ 48. Ke3 Nc4+ 49. Kd4 Rd2+ 50. Kc5 Nxe5 51. Kd6 Nf7+ 52. Kxe6 Ng5+
53. Kf5 Rxh2 54. Ke5 Rg2 55. Bc6 Rxg3 56. Bxd5 Rc3 57. a5 Nf3+ 58. Kd6 g5 59.
Rf7+ Ke8 60. Rxf3 1-0

[Event "XXXII C.to Italiano Seniores"]
[Site "Arvier ITA"]
[Date "2010.04.22"]
[Round "5"]
[White "Bisignano, Giuseppe"]
[Black "De Polzer, Manfredi"]
[Result "1-0"]
[WhiteElo "1942"]
[BlackElo "1795"]
[PlyCount "31"]
[EventDate "2010.04.18"]

1. e4 e6 2. d4 d5 3. Nc3 Bb4 4. e5 Ne7 5. a3 Bxc3+ 6. bxc3 O-O 7. Bd3 Nd7 8.
Nf3 c5 9. Bxh7+ Kxh7 10. Ng5+ Kg6 11. Qd3+ Nf5 12. g4 c4 13. gxf5+ exf5 14. Qg3
Qe7 15. Ne6+ Kh7 16. Qxg7# 1-0

[Event "XXXII C.to Italiano Seniores"]
[Site "Arvier ITA"]
[Date "2010.04.22"]
[Round "5"]
[White "Bogatto, Mario"]
[Black "Battaglia, Emanuele"]
[Result "1/2-1/2"]
[WhiteElo "1451"]
[BlackElo "1675"]
[PlyCount "44"]
[EventDate "2010.04.18"]

1. e4 c5 2. Nf3 Nf6 3. Nc3 d6 4. Bb5+ Bd7 5. Bxd7+ Qxd7 6. O-O e6 7. Re1 Be7 8.
d3 O-O 9. Bg5 Nc6 10. Be3 a6 11. d4 cxd4 12. Nxd4 Nxd4 13. Bxd4 b5 14. a3 Rfc8
15. Qf3 Qc6 16. Bxf6 Bxf6 17. Re3 a5 18. Qe2 b4 19. axb4 axb4 20. Rxa8 Qxa8 21.
Nd1 Qc6 22. c3 Qc4 1/2-1/2

[Event "XXXII C.to Italiano Seniores"]
[Site "Arvier ITA"]
[Date "2010.04.22"]
[Round "5"]
[White "Bonino, Silvano"]
[Black "Lisandri, Luigi"]
[Result "1-0"]
[WhiteElo "1428"]
[BlackElo "1488"]
[PlyCount "51"]
[EventDate "2010.04.18"]

1. d4 d6 2. Bf4 g6 3. e3 Bg7 4. Nf3 Nf6 5. h3 Nbd7 6. Be2 O-O 7. Nbd2 Nb6 8. c4
Bd7 9. O-O Re8 10. Bh2 Qc8 11. Kh1 Bf5 12. Rc1 Ne4 13. Nxe4 Bxe4 14. Bd3 Bxf3
15. Qxf3 Rb8 16. c5 Na8 17. b4 Qd7 18. a3 c6 19. a4 Rbd8 20. Rb1 Qc8 21. cxd6
exd6 22. Rfc1 d5 23. b5 Re6 24. Rc2 c5 25. Rxc5 Nc7 26. Rxc7 1-0

[Event "XXXII C.to Italiano Seniores"]
[Site "Arvier ITA"]
[Date "2010.04.22"]
[Round "5"]
[White "Brugnolo, Paolo"]
[Black "Tibaldeschi, Attilio"]
[Result "0-1"]
[WhiteElo "1501"]
[BlackElo "1750"]
[PlyCount "88"]
[EventDate "2010.04.18"]

1. e4 e5 2. Nf3 Nc6 3. Nc3 Nf6 4. a3 d6 5. Be2 Be7 6. d3 b6 7. Be3 O-O 8. O-O
Bb7 9. Nh4 Nxe4 10. Nxe4 Bxh4 11. Bf3 d5 12. Ng3 Bf6 13. c3 Ne7 14. d4 e4 15.
Bg4 Bc8 16. Be2 Be6 17. Nh5 Nf5 18. Ng3 Nxe3 19. fxe3 Be7 20. Qe1 c5 21. Qd1
Qc7 22. Bg4 Bd6 23. Bxe6 fxe6 24. Qg4 Qe7 25. Rxf8+ Rxf8 26. Nh5 Qf7 27. Qe2
cxd4 28. cxd4 g6 29. Ng3 Bxg3 30. hxg3 Kg7 31. Rc1 Qe7 32. Rc3 Qd6 33. Kh2 h5
34. Qc2 Rf7 35. Kh3 e5 36. Rc6 Qd7+ 37. Kh2 exd4 38. exd4 Qg4 39. Rd6 h4 40.
gxh4 Qf4+ 41. g3 Qxd6 42. Qe2 Rf3 43. Qg2 Qf6 44. Qc2 Rf2+ 0-1

[Event "XXXII C.to Italiano Seniores"]
[Site "Arvier ITA"]
[Date "2010.04.22"]
[Round "5"]
[White "Caldi, Mario"]
[Black "Renzini, Lorenzo"]
[Result "1-0"]
[WhiteElo "1819"]
[BlackElo "1746"]
[PlyCount "119"]
[EventDate "2010.04.18"]

1. e4 c5 2. Nf3 d6 3. d4 cxd4 4. Nxd4 a6 5. Nc3 Nf6 6. Bg5 e6 7. f4 Be7 8. Qf3
Nc6 9. Nxc6 bxc6 10. Be2 Nd7 11. Bxe7 Qxe7 12. O-O d5 13. exd5 cxd5 14. Bd3 Bb7
15. Kh1 O-O 16. Rae1 Nc5 17. Qh3 Nxd3 18. Qxd3 Qc7 19. f5 e5 20. Nxd5 Bxd5 21.
Qxd5 Rfe8 22. f6 Rad8 23. Qf3 g6 24. Qe3 Qd6 25. Qh6 Qf8 26. Qg5 h6 27. Qg3 Qd6
28. Re4 Re6 29. Qe1 Rxf6 30. Rxf6 Qxf6 31. h3 Re8 32. Qe2 Qd6 33. Ra4 Re6 34.
Qd3 Qxd3 35. cxd3 f5 36. Kg1 Kf7 37. Kf2 Kf6 38. g3 g5 39. Rc4 Rd6 40. Ke2 Kg6
41. b4 f4 42. gxf4 gxf4 43. a4 Kg5 44. b5 axb5 45. axb5 Rb6 46. Rc5 Kf5 47. Kf3
Rd6 48. Rc3 Rb6 49. Rb3 h5 50. h4 Ke6 51. Ke4 Kd6 52. d4 f3 53. dxe5+ Kc5 54.
Rxf3 Rxb5 55. Kf5 Rb8 56. Rd3 Rf8+ 57. Kg6 Rf4 58. e6 Rxh4 59. e7 Re4 60. Kf7
1-0

[Event "XXXII C.to Italiano Seniores"]
[Site "Arvier ITA"]
[Date "2010.04.22"]
[Round "5"]
[White "Cavatorta, Fosco"]
[Black "Rosino, Antonio"]
[Result "0-1"]
[WhiteElo "1981"]
[BlackElo "2235"]
[PlyCount "110"]
[EventDate "2010.04.18"]

1. d4 Nf6 2. Nf3 g6 3. Nc3 d5 4. Bf4 Bg7 5. e3 O-O 6. Be2 b6 7. Ne5 Bb7 8. h4
Nbd7 9. h5 Ne4 10. hxg6 hxg6 11. Nxe4 Nxe5 12. Ng5 Nd7 13. Qd2 e5 14. dxe5 Nxe5
15. O-O-O Qe7 16. Nf3 f6 17. Bh6 Bxh6 18. Rxh6 Kg7 19. Rdh1 Rh8 20. Rxh8 Rxh8
21. Rxh8 Kxh8 22. Qd4 Kg7 23. Qa4 a5 24. Qf4 c5 25. g4 g5 26. Qf5 Qd7 27. Qxd7+
Nxd7 28. c3 Nf8 29. Nd2 Ng6 30. Bd3 Ne5 31. Bf5 Ba6 32. b4 axb4 33. cxb4 cxb4
34. f4 Nc4 35. fxg5 fxg5 36. Bd3 Kf6 37. e4 Nxd2 38. Kxd2 Bxd3 39. Kxd3 Ke5 40.
exd5 Kxd5 41. Kc2 Kc4 42. Kb2 Kb5 43. Kb3 Ka5 44. Kc4 Ka4 45. Kd5 b3 46. axb3+
Kxb3 47. Ke5 b5 48. Kf5 b4 49. Kxg5 Kc4 50. Kf6 b3 51. g5 b2 52. g6 b1=Q 53. g7
Qh7 54. Kf7 Kd5 55. Kf8 Qf5+ 0-1

[Event "XXXII C.to Italiano Seniores"]
[Site "Arvier ITA"]
[Date "2010.04.22"]
[Round "5"]
[White "Cesati Cassin, Giorgio"]
[Black "Neuhold, Piero"]
[Result "1/2-1/2"]
[WhiteElo "1567"]
[BlackElo "1557"]
[PlyCount "41"]
[EventDate "2010.04.18"]

1. e4 c5 2. Nc3 d6 3. g3 Nf6 4. Bg2 g6 5. Nge2 Nc6 6. O-O Bg7 7. d3 O-O 8. h3
Be6 9. Bg5 Qd7 10. Kh2 a6 11. Qd2 Rab8 12. Bh6 b5 13. Bxg7 Kxg7 14. Nf4 h5 15.
Nxe6+ Qxe6 16. Rfe1 Rb7 17. Nd5 Qd7 18. Nxf6 exf6 19. f4 Rbb8 20. c3 Rbd8 21.
Rad1 1/2-1/2

[Event "XXXII C.to Italiano Seniores"]
[Site "Arvier ITA"]
[Date "2010.04.22"]
[Round "5"]
[White "Chiandussi, Livio"]
[Black "Catalano, Luigi"]
[Result "0-1"]
[WhiteElo "1551"]
[BlackElo "1659"]
[PlyCount "134"]
[EventDate "2010.04.18"]

1. d4 e6 2. e4 d6 3. c4 Nd7 4. Nc3 a6 5. Bd3 c5 6. d5 e5 7. Nge2 h6 8. O-O g5
9. Ng3 Ndf6 10. h3 Ne7 11. Nh5 Ng6 12. Nxf6+ Qxf6 13. Ne2 Bg7 14. b4 b6 15.
bxc5 bxc5 16. Rb1 O-O 17. Ng3 Bd7 18. Nh5 Qd8 19. Nxg7 Kxg7 20. Bd2 Qc8 21. Qc2
Nh4 22. Kh2 Ng6 23. Be2 f5 24. Rb3 fxe4 25. Qxe4 Bf5 26. Qf3 Bc2 27. Qc3 Bf5
28. Bd3 Rb8 29. Bxf5 Qxf5 30. Rxb8 Rxb8 31. Qa5 Qc8 32. Qc3 Qb7 33. Qa5 Nf4 34.
Re1 Nd3 35. Re2 Kf6 36. Kg3 Nf4 37. Re3 Qc8 38. Rb3 Ne2+ 39. Kh2 Rxb3 40. axb3
Nd4 41. Qb6 Qd7 42. b4 Nb3 43. Bc3 Ke7 44. Qxa6 cxb4 45. Bxb4 Nd4 46. c5 dxc5
47. Bxc5+ Kf7 48. Qa7 Qxa7 49. Bxa7 Ke7 50. Bc5+ Kd7 51. Kg3 h5 52. f3 Ne2+ 53.
Kf2 Nf4 54. d6 Nd3+ 55. Ke3 Nxc5 56. g3 Ne6 57. Ke4 Kxd6 58. Kf5 Kd5 59. Kg6
Nd4 60. Kxh5 Nxf3 61. Kg4 e4 62. h4 gxh4 63. gxh4 Nxh4 64. Kxh4 e3 65. Kg3 Ke4
66. Kg2 Kd3 67. Kf1 Kd2 0-1